书目信息 |
| 题名: |
全国进出口商品检验坚定人员培训教材
|
|
| 作者: | ;国家质量监督检验检疫总局检验监管司 编 | |
| 分册: | (二) | |
| 出版信息: | 北京 中国档案出版社 2006 |
|
| 页数: | ||
| 开本: | 29cm | |
| 丛书名: | ||
| 单 册: | ||
| 中图分类: | F752.1 | |
| 科图分类: | ||
| 主题词: | 对外贸易--世界 | |
| 电子资源: | ||
| ISBN: | 7-80166-661-5 | |
| 000 | 00833nam0 2200193 450 | |
| 001 | 0754114953 | |
| 005 | 20070929150154.95 | |
| 010 | @a7-80166-661-5 | |
| 100 | @a20070929d km y0chiy0120 ea | |
| 101 | 0 | @achi |
| 200 | 1 | @a全国进出口商品检验坚定人员培训教材@Aquan guo jin chu kou shang pin jian yan jian ding ren yuan pei xun jiao cai@e检验检测知识@h(二)@f国家质量监督检验检疫总局检验监管司 编@Fguo jia zhi liang jian du jian yan jian yi zong ju jian yan jian guan si bian |
| 210 | @a北京@c中国档案出版社@d2006 | |
| 215 | @c插图@d29cm | |
| 517 | 1 | @a检验检测知识@Ajian yan jian ce zhi shi |
| 606 | 0 | @a对外贸易@x世界 |
| 690 | @aF752.1@v3 | |
| 711 | 02 | @a国家质量监督检验检疫总局检验监管司@Aguo jia zhi liang jian du jian yan jian yi zong ju jian yan jian guan si@4编 |
| 801 | 0 | @aCN@bPFT@c20070929 |
| 905 | @a213230@dF752.1@eh8:2@f1 | |
| 全国进出口商品检验坚定人员培训教材:检验检测知识.(二)/国家质量监督检验检疫总局检验监管司 编.-北京:中国档案出版社,2006 |
| 插图;29cm |
| ISBN 7-80166-661-5: |
| ● |
| 相关链接 |
|
|
|
|
正题名:全国进出口商品检验坚定人员培训教材
索取号:F752.1/h8:2
 
预约/预借
| 序号 | 登录号 | 条形码 | 馆藏地/架位号 | 状态 | 备注 |
| 1 | 6001930 | 260019303 | 密集书库-化学系/ [索取号:F752.1/h8:2] | 在馆 |